000 00640nam a2200229 a 4500
999 _c1189
_d1189
008 191206s2013 ii a|||g |||| 001 0 eng d
020 _a9789350593363
_cRs. 590.00
040 _aKO
_beng
041 0 _aeng
044 _aii
082 0 4 _223
_a658.4034
_bSh233
100 1 _aSharma, J. K.
245 1 0 _aOperations Research :
_btheory and applications /
_cJ. K. Sharma,
250 _a5th ed.
260 _aDelhi :
_bMacmillan Publishers India Ltd. (Trinity Press),
_c2013.
300 _axviii, 944 p. :
_bill. ;
_c28 cm.
504 _aIncludes Index.
650 0 _aOperations research
904 _aA_BOSE
942 _cBK